|
|
|
|
| LEADER |
00000nam0a2200000 4500 |
| 001 |
44311 |
| 005 |
20231101210854.0 |
| 010 |
|
|
|a 5060038343
|
| 035 |
|
|
|a (RuTPU)RU\TPU\book\45947
|
| 090 |
|
|
|a 44311
|
| 100 |
|
|
|a 20021110d2002 m y0rusy50 ca
|
| 101 |
0 |
|
|a rus
|
| 102 |
|
|
|a RU
|
| 105 |
|
|
|a a j 001zy
|
| 200 |
1 |
|
|a Органическая химия
|e учебник для вузов
|f А. И. Артеменко
|
| 205 |
|
|
|a 5-е изд., испр.
|
| 210 |
|
|
|a Москва
|c Высшая школа
|d 2002
|
| 215 |
|
|
|a 559 с.
|c ил.
|
| 320 |
|
|
|a Библиогр.: с. 540-541.
|
| 320 |
|
|
|a Предм. указ.: с. 541-550.
|
| 451 |
|
1 |
|0 (RuTPU)RU\TPU\book\123459
|y 978-5-06-003834-7
|t Органическая химия
|o учебник
|f А. И. Артеменко
|e 6-е изд., испр.
|c М.
|n Высшая школа
|d 2007
|p 559 с.
|a Артеменко, Александр Иванович
|
| 451 |
|
1 |
|0 (RuTPU)RU\TPU\book\23270
|y 5-06-003834-3
|t Органическая химия
|o учебник
|f А. И. Артеменко
|e 4-е изд., перераб. и доп.
|c М.
|n Высшая школа
|d 2000
|p 559 с.
|a Артеменко, Александр Иванович
|
| 606 |
1 |
|
|a Органическая химия
|2 stltpush
|3 (RuTPU)RU\TPU\subj\47309
|9 66362
|
| 610 |
1 |
|
|a органические соединения
|
| 610 |
1 |
|
|a ациклические соединения
|
| 610 |
1 |
|
|a углеводороды
|
| 610 |
1 |
|
|a алкены
|
| 610 |
1 |
|
|a алкадиены
|
| 610 |
1 |
|
|a алкины
|
| 610 |
1 |
|
|a алициклические соединения
|
| 610 |
1 |
|
|a спирты
|
| 610 |
1 |
|
|a альдегиды
|
| 610 |
1 |
|
|a кетоны
|
| 610 |
1 |
|
|a карбоновые кислоты
|
| 610 |
1 |
|
|a эфиры
|
| 610 |
1 |
|
|a элементоорганические соединения
|
| 610 |
1 |
|
|a сера
|
| 610 |
1 |
|
|a азот
|
| 610 |
1 |
|
|a аминоспирты
|
| 610 |
1 |
|
|a оксокислоты
|
| 610 |
1 |
|
|a углеводы
|
| 610 |
1 |
|
|a угольная кислота
|
| 610 |
1 |
|
|a карбоциклические соединения
|
| 610 |
1 |
|
|a арены
|
| 610 |
1 |
|
|a поверхностно-активные вещества
|
| 610 |
1 |
|
|a гетероциклические соединения
|
| 610 |
1 |
|
|a высокомолекулярные соединения
|
| 610 |
1 |
|
|a синтез
|
| 610 |
1 |
|
|a полимеры
|
| 610 |
1 |
|
|a химические превращения
|
| 610 |
1 |
|
|a применение
|
| 610 |
1 |
|
|a строительство
|
| 610 |
1 |
|
|a строительные изделия
|
| 610 |
1 |
|
|a учебники
|
| 675 |
|
|
|a 547(075.8)
|v 3
|
| 700 |
|
1 |
|a Артеменко
|b А. И.
|g Александр Иванович
|
| 801 |
|
1 |
|a RU
|b 63413507
|c 20021110
|g PSBO
|
| 801 |
|
2 |
|a RU
|b 63413507
|c 20210730
|g PSBO
|
| 942 |
|
|
|c BK
|